[Event "ZN-2010-0-01122"]
[Site "LSS email"]
[Date "2010.08.12"]
[Round "?"]
[White "Troiano, Stephen"]
[Black "Tassinati, Mirco"]
[Result "0-1"]
[WhiteElo "800"]
[BlackElo "559"]
[PlyCount "30"]
[EventDate "2010.08.05"]
[EventType "match (corr)"]
[EventRounds "2"]
[EventCountry "GER"]
[SourceTitle "Corr 2015"]
[Source "ChessBase"]
[SourceDate "2015.07.17"]
[SourceVersion "1"]
[SourceVersionDate "2015.07.17"]
[SourceQuality "1"]

1. e4 e5 2. Nf3 Nc6 3. Bc4 Nf6 4. d3 Bb4+ 5. Nc3 Bxc3+ 6. bxc3 Na5 7. Bxf7+ Kxf7 8. Ng5+ Kf8 9. d4 exd4 10. cxd4 d5 11. Ba3+ Ke8 12. e5 Ne4 13. Qh5+ g6 14. Qh6 Qxg5 15. Qg7 Qd2+ 0-1

[Event "ZN-2010-0-01061"]
[Site "LSS email"]
[Date "2010.05.30"]
[Round "?"]
[White "Jaszczowski, Zdzislaw"]
[Black "Troiano, Stephen"]
[Result "1-0"]
[WhiteElo "759"]
[BlackElo "800"]
[PlyCount "49"]
[EventDate "2010.05.28"]
[EventType "match (corr)"]
[EventRounds "2"]
[EventCountry "GER"]
[SourceTitle "Telechess CBM 141"]
[Source "ChessBase"]
[SourceDate "2011.03.17"]
[SourceVersion "1"]
[SourceVersionDate "2011.03.17"]
[SourceQuality "1"]

1. d4 e6 2. e4 d5 3. exd5 exd5 4. Bd3 Nc6 5. c3 Qe7+ 6. Ne2 Bd7 7. 0-0 Nf6 8. Re1 0-0-0 9. Ng3 Qd6 10. Nf5 Bxf5 11. Bxf5+ Kb8 12. g3 Re8 13. Bf4 Ne5 14. dxe5 Qd8 15. exf6 gxf6 16. Rxe8 Qxe8 17. Qxd5 Qe1+ 18. Kg2 Qe8 19. Na3 Be7 20. Bd7 Qf8 21. Nb5 Bc5 22. Nxc7 Qe7 23. Qxc5 Qxd7 24. Nb5+ Ka8 25. Qxa7# 1-0